Narraciones rápidas / (Record no. 151555)

MARC details
000 -LEADER
campo de control de longitud fija 00808nam a22001935i 4500
001 - NÚMERO DE CONTROL
campo de control 151555
003 - IDENTIFICADOR DE NÚMERO DE CONTROL
campo de control ES-MaACL
005 - FECHA Y HORA DE LA ÚLTIMA TRANSACCIÓN
campo de control 20230906204246.0
008 - DATOS DE LONGITUD FIJA--INFORMACIÓN GENERAL
campo de control de longitud fija 991209s1896 sp |||| | spa d
040 ## - FUENTE DE CATALOGACIÓN
Centro catalogador/agencia de origen M-RAJU
Lengua de catalogación spa
Centro/agencia transcriptor M-RAJU
Centro/agencia modificador CCPB | B
100 1# - ENTRADA PRINCIPAL--NOMBRE DE PERSONA
Nombre de persona Armiñán, Luis de,
Fechas asociadas al nombre 1871-1949
9 (RLIN) 155857
245 10 - MENCIÓN DEL TÍTULO
Título Narraciones rápidas /
Mención de responsabilidad, etc. por Lusiñan de Mari [seud.] ; carta dedicatoria a Guy de Maupassant ; prólogo de César A. de Arruche.
260 ## - PUBLICACIÓN, DISTRIBUCIÓN, ETC.
Lugar de publicación, distribución, etc. Madrid :
Nombre del editor, distribuidor, etc. [s.n.],
Fecha de publicación, distribución, etc. 1896 (
Fabricante Imp. de Evaristo Odriózola)
300 ## - DESCRIPCIÓN FÍSICA
Extensión 142 p. ;
Dimensiones 17 cm.
594 ## - Nota al título y mención de responsabilidad
Nota al título y mención de responsabilidad Lusiñán de Mary es un seudónimo de Luis de Armiñán.
700 1# - ENTRADA AGREGADA--NOMBRE PERSONAL
Nombre de persona Arruche, César Antonio de.
9 (RLIN) 125724
852 ## - LOCALIZACIÓN
Ubicación ES-MaACL
Número de control de estantería T-755-F-3
Nota libre -- Enc. hol. conservando la cub. original
-- -- Enc. en un vol. facticio
Holdings
Estatus retirado Estado de pérdida Estado de daño No para préstamo Colección Biblioteca de origen Biblioteca actual Ubicación en estantería Fecha de adquisición Total de préstamos Signatura topográfica completa Código de barras Visto por última vez Precio de reemplazo Tipo de ítem Koha
        Colección de folletos Biblioteca del Ateneo de Madrid Biblioteca del Ateneo de Madrid Depósito folletos 17/01/2008   T-755-F-3 1158139 23/02/2023 23/02/2023 Folleto